Statistics for The 10 richest countries in Asia

Click here to take the quiz!

General Stats

  • This quiz has been taken 44 times
  • The average score is 9 of 10

Answer Stats

GDP in $Country% Correct
13 119 M $China
100%
5093 M $Japan
100%
2654 M $India
95%
708 M $Saudi Arabia
95%
1597 M $South Korea
95%
906 M $Turkey
93%
1092 M $Indonesia
85%
401 M $United Arab Emirates
85%
467 M $Thailand
78%
588 M $Taiwan
73%

Score Distribution

Percentile by Number Answered

Percent of People with Each Score

Your Score History

You have not taken this quiz